|
|
|
|
| LEADER |
02781nam a22005175i 4500 |
| 001 |
978-3-211-85430-3 |
| 003 |
DE-He213 |
| 005 |
20151204183321.0 |
| 007 |
cr nn 008mamaa |
| 008 |
100301s2008 au | s |||| 0|eng d |
| 020 |
|
|
|a 9783211854303
|9 978-3-211-85430-3
|
| 024 |
7 |
|
|a 10.1007/978-3-211-85430-3
|2 doi
|
| 040 |
|
|
|d GrThAP
|
| 050 |
|
4 |
|a QC120-168.85
|
| 050 |
|
4 |
|a QA808.2
|
| 072 |
|
7 |
|a PHD
|2 bicssc
|
| 072 |
|
7 |
|a SCI041000
|2 bisacsh
|
| 082 |
0 |
4 |
|a 531
|2 23
|
| 245 |
1 |
0 |
|a Classical and Advanced Theories of Thin Structures
|h [electronic resource] :
|b Mechanical and Mathematical Aspects /
|c edited by Antonino Morassi, Roberto Paroni.
|
| 264 |
|
1 |
|a Vienna :
|b Springer Vienna,
|c 2008.
|
| 300 |
|
|
|a VII, 258 p.
|b online resource.
|
| 336 |
|
|
|a text
|b txt
|2 rdacontent
|
| 337 |
|
|
|a computer
|b c
|2 rdamedia
|
| 338 |
|
|
|a online resource
|b cr
|2 rdacarrier
|
| 347 |
|
|
|a text file
|b PDF
|2 rda
|
| 490 |
1 |
|
|a CISM International Centre for Mechanical Sciences,
|x 0254-1971 ;
|v 503
|
| 505 |
0 |
|
|a Strain, stress and linearized elasticity -- Constitutive equations and variational elasticity -- An introduction to ?-convergence methods for thin structures -- Concepts in the mechanics of thin structures -- A brief introduction to mathematical shell theory -- Non-Brittle and Brittle Thin Films — Lectures I, II -- A Young measure approach to a nonlinear membrane model — Lecture III -- Bending moment and higher order membrane models-lecture IV -- 3D-2D asymptotic analysis for inhomogeneous thin films — lectures V, VI.
|
| 520 |
|
|
|a The book presents an updated state-of-the-art overview of the general aspects and practical applications of the theories of thin structures, through the interaction of several topics, ranging from non-linear thin-films, shells, junctions, beams of different materials and in different contexts (elasticity, plasticity, etc.). Advanced problems like the optimal design and the modeling of thin films made of brittle or phase-transforming materials will be presented as well.
|
| 650 |
|
0 |
|a Physics.
|
| 650 |
|
0 |
|a Mechanics.
|
| 650 |
|
0 |
|a Continuum mechanics.
|
| 650 |
|
0 |
|a Structural mechanics.
|
| 650 |
1 |
4 |
|a Physics.
|
| 650 |
2 |
4 |
|a Mechanics.
|
| 650 |
2 |
4 |
|a Structural Mechanics.
|
| 650 |
2 |
4 |
|a Mathematical Methods in Physics.
|
| 650 |
2 |
4 |
|a Continuum Mechanics and Mechanics of Materials.
|
| 700 |
1 |
|
|a Morassi, Antonino.
|e editor.
|
| 700 |
1 |
|
|a Paroni, Roberto.
|e editor.
|
| 710 |
2 |
|
|a SpringerLink (Online service)
|
| 773 |
0 |
|
|t Springer eBooks
|
| 776 |
0 |
8 |
|i Printed edition:
|z 9783211854297
|
| 830 |
|
0 |
|a CISM International Centre for Mechanical Sciences,
|x 0254-1971 ;
|v 503
|
| 856 |
4 |
0 |
|u http://dx.doi.org/10.1007/978-3-211-85430-3
|z Full Text via HEAL-Link
|
| 912 |
|
|
|a ZDB-2-ENG
|
| 950 |
|
|
|a Engineering (Springer-11647)
|